000
00268 a2200133 4500
001
64271
040
_c
Anchieta - Pituba
100
_a
Pompéia, Raul
240
1
0
_a
O Ateneu
_l
por
245
1
0
_a
O Ateneu
300
_a
168
650
4
_a
Ficção brasileira
942
_c
BK
999
_c
64271
_d
64271